Detalles MARC
| 000 -LEADER |
| fixed length control field |
01910nam a2200457 a 4500 |
| 005 - FECHA ULTIMA MODIFICACION |
| control field |
20241115084031.0 |
| 008 - CAMPO DE CONTROL (LIBRO) |
| fixed length control field |
100312s2012||||sp a f |||| 001 0 spa d |
| 020 ## - INTERNATIONAL STANDARD BOOK NUMBER |
| ISBN |
9788480868839 |
| 041 ## - CODIGO DE IDIOMA |
| Código de idioma del texto/pista de sonido o título separado |
spa |
| 092 ## - SIGNATURA TOPOGRAFICA DEWEY LOCAL |
| número de clasificación |
616.9 |
| libristica |
51 |
| sección |
MAN |
| 100 1# - ENTRADA PRINCIPAL--NOMBRE PERSONAL |
| Nombre personal |
Mandell, Gerald L. |
| 9 (RLIN) |
519 |
| 245 ## - TITULO PROPIAMENTE DICHO |
| Título |
Mandell, Douglas y Bennett. Enfermedades Infecciosas. Principios y Práctica. |
| Subtítulo y Título paralelo |
T.1 / |
| Mención de responsabilidad y remanente de la transcripción de la portada |
Gerald L. Mandell |
| 250 ## - MENCION DE EDICION |
| Mención de edición |
7a ed. versión en español de la 7a ed. de la obra original en inglés |
| 260 ## - PIE DE IMPRENTA |
| Lugar de publicación, distribución, etc |
Barcelona: |
| Nombre de la editorial, distribuidor, etc |
Elsevier ; Churchill Livingstone; |
| Fecha de publicación |
2012. |
| 300 ## - DESCRIPCION FISICA |
| Extension |
1-1916 p. |
| 500 ## - NOTA GENERAL |
| Nota general |
Mandell, G. L., Bennett, J. E. y Dolin, R. (2012). Mandell, Douglas y Bennett. Enfermedades infecciosas. Principios y prácticas. T.1 (7a ed.). Barcelona : Elsevier ; Churchill Livingstone. |
| 653 ## - TÉRMINO INDIZADO - PALABRAS CLAVES |
| Palabra clave |
Factores de virulencia microbiana |
| 653 ## - TÉRMINO INDIZADO - PALABRAS CLAVES |
| Palabra clave |
Mecanismos de defensa del huésped |
| 653 ## - TÉRMINO INDIZADO - PALABRAS CLAVES |
| Palabra clave |
Epidemiología de las enfermedades infecciosas |
| 653 ## - TÉRMINO INDIZADO - PALABRAS CLAVES |
| Palabra clave |
Microbiología clínica |
| 653 ## - TÉRMINO INDIZADO - PALABRAS CLAVES |
| Palabra clave |
Tratamiento antiinfeccioso |
| 653 ## - TÉRMINO INDIZADO - PALABRAS CLAVES |
| Palabra clave |
Fiebre |
| 653 ## - TÉRMINO INDIZADO - PALABRAS CLAVES |
| Palabra clave |
Infecciones de las vías respiratorias superiores |
| 653 ## - TÉRMINO INDIZADO - PALABRAS CLAVES |
| Palabra clave |
Infecciones pleuropulmonares y bronquiales |
| 653 ## - TÉRMINO INDIZADO - PALABRAS CLAVES |
| Palabra clave |
Infección del tracto urinario |
| 653 ## - TÉRMINO INDIZADO - PALABRAS CLAVES |
| Palabra clave |
Sepsis |
| 653 ## - TÉRMINO INDIZADO - PALABRAS CLAVES |
| Palabra clave |
Infecciones intraabdominales |
| 653 ## - TÉRMINO INDIZADO - PALABRAS CLAVES |
| Palabra clave |
Infecciones cardiovasculares |
| 653 ## - TÉRMINO INDIZADO - PALABRAS CLAVES |
| Palabra clave |
Infecciones del sistema nervioso central |
| 653 ## - TÉRMINO INDIZADO - PALABRAS CLAVES |
| Palabra clave |
Infecciones cutáneas y de los tejidos blandos |
| 653 ## - TÉRMINO INDIZADO - PALABRAS CLAVES |
| Palabra clave |
Infecciones gastrointestinales e intoxicaciones alimentarias |
| 653 ## - TÉRMINO INDIZADO - PALABRAS CLAVES |
| Palabra clave |
Infecciones osteoarticulares |
| 653 ## - TÉRMINO INDIZADO - PALABRAS CLAVES |
| Palabra clave |
Enfermedades de los órganos de la reproducción y enfermedades de transmisión sexual |
| 653 ## - TÉRMINO INDIZADO - PALABRAS CLAVES |
| Palabra clave |
Infecciones oculares |
| 653 ## - TÉRMINO INDIZADO - PALABRAS CLAVES |
| Palabra clave |
Hepatitis |
| 653 ## - TÉRMINO INDIZADO - PALABRAS CLAVES |
| Palabra clave |
Síndrome de Inmunodeficiencia Adquirida |
| 700 1# - ENTRADAS SECUNDARIAS - NOMBRE PERSONAL |
| Nombre personal |
Bennett, John E. |
| 9 (RLIN) |
520 |
| 700 1# - ENTRADAS SECUNDARIAS - NOMBRE PERSONAL |
| Nombre personal |
Dolin, Raphael . |
| 9 (RLIN) |
521 |
| 930 ## - NUMERO DE INVENTARIO |
| Número de inventario |
2569 |
| 942 ## - ADDED ENTRY ELEMENTS (KOHA) |
| Source of classification or shelving scheme |
Dewey Decimal Classification |
| Item type |
Libros |